000 00436nam a2200193Ia 4500
005 20250603145946.0
008 250603s9999 xx 000 0 und d
020 _a0-471-53901-5
050 _aBF 698 .L524/
100 _aLindzey, Gardner
245 0 _aTheories of personality
250 _a2nd ed.
260 _aCanada
260 _bJohn Wiley & Sons
260 _c1973
300 _a486 p
650 _aCanada
942 _cBK
999 _c43356
_d43356